Normal view
MARC view
Entry Nombre personal
001 - NÚMERO DE CONTROL
- campo de control: 2240
003 - IDENTIFICADOR DEL NÚMERO DE CONTROL
- campo de control: BNPHU
005 - FECHA Y HORA DE LA ÚLTIMA TRANSACCIÓN
- campo de control: 20240226135628.0
008 - DATOS DE LONGITUD FIJA
- campo de control de longitud fija: 200615|| aca||aabn | a|a d
040 ## - FUENTE DE LA CATALOGACIÓN
- Centro catalogador/agencia de origen: DO-SdBNP
- Lengua de catalogación: spa
- Centro/agencia transcriptor: BNPHU
- Normas de descripción: rda
100 1# - ENCABEZAMIENTO-NOMBRE DE PERSONA
- Nombre de persona: Klinger Pevida, Eduardo
400 1# - TRAZADO DE VÉASE--NOMBRE DE PERSONA
- Nombre de persona: Pevida, Eduardo Klinger
670 ## - FUENTE DE DATOS ENCONTRADOS
- Cita de la fuente: Klinger Pevida, Eduardo, El proceso de reforma y modernización del Estado en la República Dominicana :, 2002.
670 ## - FUENTE DE DATOS ENCONTRADOS
- Cita de la fuente: Cuba y la integración de América Latina y el Caribe, 1995
